LIBRARY & INFORMATION CENTRE, KCAET, TAVANUR

ONLINE PUBLIC ACCESS CATALOGUE (OPAC)

Vidhyabyasa thathwangalum vidyalaya ghatanayum / (Record no. 6567)

MARC details
000 -LEADER
fixed length control field 00492cam a2200181ua 4500
041 ## - LANGUAGE CODE
Language code of text/sound track or separate title mal
082 ## - DEWEY DECIMAL CLASSIFICATION NUMBER
Classification number 370.1
Item number PAR/VI
100 ## - MAIN ENTRY--AUTHOR NAME
Personal name Parameswaran Pillai, Erumely.
245 ## - TITLE STATEMENT
Title Vidhyabyasa thathwangalum vidyalaya ghatanayum /
250 ## - EDITION STATEMENT
Edition statement 1 /
260 ## - PUBLICATION, DISTRIBUTION, ETC. (IMPRINT)
Place of publication Kottayam :
Name of publisher Vidyarthi Mithram Book Depo ,
Year of publication 1956.
300 ## - PHYSICAL DESCRIPTION
Number of Pages 291 ; .
942 ## - ADDED ENTRY ELEMENTS (KOHA)
Koha item type Books
Holdings
Withdrawn status Lost status Damaged status Home library Current library Date acquired Full call number Accession Number Koha item type Public note
Withdrawn   Damaged KAUAET Sanskrit University 07/04/2012 370.1 8941 Books Transferred to Sanskrit University
free website counter